000 00690nas a2200241 4500
001 BR0804144
003 BR-BrBNA
005 20231205111752.0
007 ta
008 230509b bl.|||p| |||| 00| 00por d
040 _aBR-BrBNA
_bpor
_cBiblioteca Nacional de Agricultura
041 _a(Pt)
072 _aL52
100 1 _aSamaille, J.P.
100 1 _aCheuiche, A.J. de V.
245 1 _aPediatria equina:controle de crescimento dos potros
650 _aEQUINO
650 _aPOTRO
650 _aPRODUÇÃO ANIMAL
773 0 _tA Hora Veterinária (Brazil)
_xISSN 0101-9163
_g(May-Jun 2005) p. 47-50
_wBR0804144
909 _a202311
_bLúcia
_c55
_dLúcia Elande
942 _2AGRIS
_n0
_cANA
999 _c194393
_d194393